000 00980nam a2200241 a 4500
001 48648
003 BD-RjUL
005 20211209054548.0
008 160814s1969 bg ||||| |||| 00| 0 ben d
020 _c: PRs.5.00
035 _a(BD-RjUL)48767
040 _aBD-RjUL
_bben
_cBD-RjUL
_dBD-RjUL
041 _aben
082 _223
_a891.44109
_bKHM 1969
100 _aখান, দৌলত-উজীর বাহরাম
_9145933
245 1 0 _aইমাম-বিজয় /
_cদৌলত-উজীর বাহরাম খান, আলী আহমদ (সম্পাদিত)
260 _aঢাকা :
_bবাঙলা একাডেমী,
_c১৯৬৯
300 _a২০৮পৃ. ;
_c২২ সেমি.
650 _aবাংলা কবিতা
_vইতিহাস ও সমালোচনা
_9117724
650 _aBengali Poetry
_vHistory and Criticism
_9117725
700 _aআলী ,আহমদ সম্পাদিত
_9136681
942 _2ddc
_cBK
999 _c48648
_d48648